Statistics for Jake Gyllenhaal movie by picture

Click here to take the quiz!

General Stats

  • This quiz has been taken 75 times
  • The average score is 10 of 16

Answer Stats

Answer% Correct
Donnie Darko
89%
Nightcrawler
89%
Brokeback Mountain
86%
Zodiac
82%
Prisoners
78%
Southpaw
71%
Spider-Man Far From Home
71%
Brothers
68%
Jarhead
57%
The Guilty
55%
Everest
54%
Love and Other Drugs
52%
Demolition
51%
Life
42%
October Sky
40%
Strange World
31%

Score Distribution

Percentile by Number Answered

Percent of People with Each Score

Your Score History

You have not taken this quiz